Estudio de instalaciones de potencia y comunicaciones en los edificios A y B de la Facultad de Ingeniería de la Universidad de Costa Rica
Enregistré dans:
| Auteur principal: | |
|---|---|
| Autres auteurs: | , |
| Format: | Livre |
| Publié: |
[San José, Costa Rica]
2004
|
| Sujets: | |
| Tags: |
Ajouter un tag
Pas de tags, Soyez le premier à ajouter un tag!
|
MARC
| LEADER | 00000nam a2200000Ia 4500 | ||
|---|---|---|---|
| 003 | 009433 | ||
| 005 | 20240116114842.0 | ||
| 008 | 140114s2004 c a m 000 ||s d | ||
| 040 | |c cru CEDI | ||
| 090 | |a TFG 4976 | ||
| 100 | |a Ureña Trejos, Christian, 1980- |9 2197 | ||
| 245 | |a Estudio de instalaciones de potencia y comunicaciones en los edificios A y B de la Facultad de Ingeniería de la Universidad de Costa Rica | ||
| 260 | |a [San José, Costa Rica] |c 2004 | ||
| 300 | |a xiv, 205 hojas (algunas plegables) : | ||
| 500 | |a Proyecto de graduación (bachillerato en ingeniería eléctrica)--Universidad de Costa Rica. Facultad de Ingeniería. Escuela de Ingeniería Eléctrica | ||
| 501 | |a Profesor Guía de IE-0502 Proyecto Eléctrico: Ing. Emilio Alpízar Villegas, M. Sc. | ||
| 650 | |x SISTEMAS DE ENERGIA ELECTRICA |x TRANSMISION DE POTENCIA |x DISTRIBUCION DE ENERGIA ELECTRICA |9 6245 | ||
| 700 | |a Víquez Bolaños, Nelson , 1980- |9 2196 | ||
| 700 | |a Alpízar Villegas, Emilio, 1951- |d Director del Proyecto Eléctrico |9 2198 | ||
| 942 | |c TFG |h TFG 4976 |i 009433 |6 TFG_4976_009433000000000 | ||
| 999 | |c 17447 |d 17447 | ||
